000 00582nam a2200217Ia 4500
001 28319
003 AR-BaAGN
005 20231116145037.0
007 ta
008 211213s1924 xx |||||||||||||| ||spa d
040 _dAR-BaAGN
_aAR-BaAGN
_bspa
_eaacr
100 _aCarvalho, Alvaro de
245 1 0 _aEnsayos de crítica /
_cAlvaro de Carvalho
260 _a[Lugar de publicación no identificado] :
_bImprenta Oficial,
_c1924.
300 _a197 páginas
336 _2rdacontent
_btxt
337 _2rdamedia
_bn
338 _2rdacarrier
_bnc
942 _cLIBRO
999 _c28319
_d28319